MDQL
is popping MORE tags! Check the
thread
!
Quizzes
Events
Quiz Creation
Community
Videos
Private Events
Remove Ads
Sign In
Join for FREE
Feedback
Dark Mode
Quiz Categories
Sports
Geography
Music
Movies
Television
Just For Fun
Miscellaneous
History
Literature
Language
Science
Gaming
Entertainment
Religion
Holiday
For Kids
Quiz Lab
Recent
Popular Today
Quiz Kudos Today
Editor Picks
Curator Picks
Quizzes by...
Day
Popularity
Type
Ratings
Length
Year
Community
Subscriptions
Recent Discussions
Orange Saloon
Badges
Playlists
Quests
Create
Leaderboards
Showdown
Live 5
Trivia Bingo
Activity
Puzzle Library
Sporcle Events
Private Events
Virtual Trivia
Globe League
Become a Host
Pub Owners
SporcleCon
Opinionation
Our Games
Videos
Blog
Mobile Apps
Partnerships
Remove Ads and Go Orange
Feedback
Music
Pop Music
The Beatles
Song
Album
Lyrics
Bands
Singers
Artist
Clip
Rock
Rap
Classical
Billboard
Country Music
Kpop
Taylor Swift
Music
Pop Music
The Beatles
Song
Album
Lyrics
Bands
Singers
Artist
Clip
Rock
Rap
Classical
Billboard
Country Music
Kpop
Taylor Swift
Random Quiz
Search Sporcle
×
Quiz Lab
Quiz Lab
Music
Lyrics
Type in answers that appear in a list
Type in answers that appear in a list
Classic
Best Score? Go Orange.
Passenger 'Let Her Go' Lyrics Stats
Can you name the Passenger 'Let Her Go' Lyrics
By
muchlyrics
10m
300 Questions
3,818 Plays
3,818 Plays
3,818 Plays
Comments
Comments
Give Quiz Kudos
Give Quiz Kudos
-
- Ratings
hide this ad
Replay
Link that replays current quiz
Next Quiz
Link to next quiz in quiz playlist
You Got
0%
They Got
Avg Score
91%
Avg Friend Score
Upgrade to see
Score Distribution
Jump to the score distribution portion of the page
Score
0/300
Timer
10:00
1
Play Today
Answer
% Correct
you
99.1%
you
99.1%
you
99.1%
you
99.1%
you
99.1%
you
99.1%
You
99.1%
you
99.1%
you
99.1%
you
99.1%
you
99.1%
you
99.1%
you
99.1%
you
99.1%
you
99.1%
you
99.1%
you
99.1%
you
99.1%
you
99.1%
you
99.1%
you
99.1%
you
99.1%
you
99.1%
you
99.1%
you
99.1%
you
99.1%
you
99.1%
go
98.5%
go
98.5%
go
98.5%
go
98.5%
go
98.5%
go
98.5%
go
98.5%
go
98.5%
go
98.5%
go
98.5%
go
98.5%
her
98.4%
her
98.4%
her
98.4%
her
98.4%
her
98.4%
her
98.4%
her
98.4%
her
98.4%
her
98.4%
her
98.4%
her
98.4%
her
98.4%
her
98.4%
her
98.4%
her
98.4%
her
98.4%
her
98.4%
her
98.4%
her
98.4%
let
98.4%
let
98.4%
let
98.4%
let
98.4%
let
98.4%
let
98.4%
let
98.4%
let
98.4%
let
98.4%
let
98.4%
the
98.1%
the
98.1%
the
98.1%
the
98.1%
the
98.1%
the
98.1%
the
98.1%
the
98.1%
the
98.1%
the
98.1%
the
98.1%
the
98.1%
the
98.1%
the
98.1%
only
98%
when
98%
Only
98%
when
98%
Only
98%
when
98%
Only
98%
when
98%
Only
98%
when
98%
Only
98%
when
98%
when
98%
only
98%
when
98%
Only
98%
when
98%
Only
98%
when
98%
Answer
% Correct
Only
98%
when
98%
Only
98%
when
98%
Only
98%
when
98%
when
98%
only
98%
when
98%
Only
98%
when
98%
Only
98%
when
98%
Only
98%
when
98%
Only
98%
when
98%
Only
98%
when
98%
only
98%
when
98%
Only
98%
when
98%
love
97.2%
love
97.2%
love
97.2%
love
97.2%
love
97.2%
love
97.2%
love
97.2%
it
96.7%
it
96.7%
it
96.7%
it
96.7%
it
96.7%
to
96.7%
to
96.7%
to
96.7%
to
96.7%
to
96.7%
to
96.7%
know
96.5%
know
96.5%
know
96.5%
know
96.5%
know
96.5%
know
96.5%
know
96.5%
know
96.5%
know
96.5%
low
96.2%
low
96.2%
a
96.2%
low
96.2%
low
96.2%
low
96.2%
low
96.2%
low
96.2%
miss
96.1%
miss
96.1%
miss
96.1%
miss
96.1%
sun
95.9%
sun
95.9%
sun
95.9%
sun
95.9%
starts
95.7%
starts
95.7%
starts
95.7%
starts
95.7%
snow
95.6%
snow
95.6%
snow
95.6%
snow
95.6%
your
95%
your
95%
your
95%
And
94.9%
and
94.9%
and
94.9%
and
94.9%
and
94.9%
And
94.9%
And
94.9%
feeling
93.9%
feeling
93.9%
feeling
93.9%
feeling
93.9%
you're
93.4%
you're
93.4%
you're
93.4%
you're
93.4%
you're
93.4%
you're
93.4%
light
93.2%
light
93.2%
light
93.2%
light
93.2%
high
92.9%
high
92.9%
Answer
% Correct
high
92.9%
it's
92.7%
it's
92.7%
it's
92.7%
it's
92.7%
home
91.9%
home
91.9%
home
91.9%
road
90.7%
road
90.7%
road
90.7%
missing
90.6%
missing
90.6%
missing
90.6%
need
90.2%
need
90.2%
need
90.2%
need
90.2%
been
90.2%
been
90.2%
been
90.2%
burning
90%
burning
90%
burning
90%
burning
90%
you've
89.4%
you've
89.4%
you've
89.4%
so
87.2%
so
87.2%
hate
86.9%
hate
86.9%
hate
86.9%
in
83.9%
in
83.9%
see
83.4%
see
83.4%
fast
82.9%
fast
82.9%
at
82.5%
at
82.5%
one
82.4%
one
82.4%
slow
81.9%
slow
81.9%
day
81.7%
day
81.7%
but
81.5%
But
81.5%
But
81.5%
Staring
80.7%
Staring
80.7%
come
80.4%
you'll
80.3%
you'll
80.3%
touch
79.7%
touch
79.7%
of
79.3%
dream
79%
heart
78.1%
eyes
78.1%
close
77.9%
Cause
77.6%
Cause
77.6%
Cause
77.6%
goes
76.4%
never
76.3%
never
76.3%
why
76%
make
75.9%
bottom
75.4%
Well
75.2%
Well
75.2%
Well
75.2%
last
75%
too
74.8%
too
74.8%
Hoping
74.7%
understand
73.8%
dark
73.5%
dies
72.5%
keep
72.5%
fall
72%
glass
72%
everything
72%
comes
71.7%
they
71.4%
deep
70.9%
empty
70.8%
asleep
70.7%
much
70.4%
Maybe
70.1%
dreams
68.9%
old
68.1%
loved
67.7%
ceiling
67.5%
Same
67.4%
dived
60.4%
surely
58%
Will
24.5%
Quiz Playlist
Details
Report
Send in Message
Add To Playlist
Classic:
Type in answers that appear in a list
Last Updated: Feb 16, 2017
Quiz Scoreboard
CHALLENGE
Sign Up to Join the Scoreboard
Show All
Scores
Hide
Comments
May contain spoilers
Recently Published
Two Season TV Shows II
by 123Four
Television
10m
Image Sorting: Flags VI
by Barbecue
Geography
2m
Find the 'City' Movie
by crazypaving
Movies
60s
More to Explore
Quiz From the Vault
Featured Blog Post
14 Easter Pick-up Lines to Find Eggs With
hide this ad
You Might Also Like...
Tags
Lyrics Quiz
Passenger
Today's Top Quizzes in Music
Browse Music
hide this ad
Today's Top Quizzes in Lyrics
Browse Lyrics
Top Contributed Quizzes in Music
1
5X2 Blitz: Bands II
2
5X2 Blitz: The Beatles
3
Taylor Swift All Songs (2024)
4
5X2 Blitz: Billboard
5
5X2 Blitz: Billboard II
6
5X2 Blitz: Album
7
5X2 Blitz: Singers
8
5X2 Blitz: Rock
9
Music Artist by Three 2010s hits
10
5X2 Blitz: Lyrics
Explore More
Trending Topics
Anime
Marvel
Crossword
Kpop
Disney
Harry Potter
NBA
Soccer
Country
NFL
Puzzle
The Office
Pokémon
Song
WWE
hide this ad
More By:
muchlyrics
Quiz
Plays
Rating
Category
Featured
Created
Passenger 'Let Her Go' Lyrics
3,818
4.45
Music
Nov 30, 2013
Ed Sheeran Wake Me Up Lyrics
1,606
3.50
Music
Nov 26, 2013
The Lumineers 'Flowers in Your Hair' Lyrics
942
5.00
Music
Nov 30, 2013
Bastille 'Poet' Lyrics
687
3.67
Music
Nov 25, 2013
Snow Patrol 'Set the Fire to the Third Bar' Lyrics
495
3.67
Music
Nov 30, 2013
Go to Creator's Profile
Score Distribution
Quiz Creator Spotlight
muchlyrics
Follow
Send a Message
Quizzes Created
-
Created Quiz Play Count
-
More By This Creator
Popular Quizzes Today
1
Find the US States - No Outlines Minefield
2
Colored Red Africa Blitz
3
Find the 'City' Movie
4
5x2 Blitz: Bands
5
The Countries of the World
6
Find the Countries of Europe - No Outlines Minefield
7
Find the US States
8
US States
More Music Quizzes
KPOP Girl Group MV Screenshots! (TOP 100)
Quiz Lab
Trending Quizzes
Colored Red Europe Blitz I
Colored Red Africa Blitz II
Colored Red Europe Blitz II
Colored Red Africa Blitz III
Colored Red Europe Blitz III
Recently Updated
How Do You Spell That?
pecheneg
Godzilla Movies
pecheneg
Grab Bag: 4-10 Letters
pecheneg
2024 March Madness Bracket
pecheneg
Famous TV Couples
Peacemaker
Champions League XIs: Real Madrid
pecheneg
Largest US Cities 1790-2010
pecheneg
Rides in Walt Disney World
pecheneg
Most Oscar Losses (Acting)
pecheneg
Beyoncé Albums
pecheneg
Trending Topics
Marvel
Harry Potter
Crossword
NBA
Anime
Kpop
Disney
Song
Soccer
Puzzle
The Office
Country
WWE
Pokémon
NFL
Your Account Isn't Verified!
In order to create a playlist on Sporcle, you need to verify the email address you used during registration. Go to your
Sporcle Settings
to finish the process.
Report this User
Report this user for behavior that violates our
Community Guidelines
.
Details:
Send Report
Go to the Sporcle.com Mobile Site →
Comments